Rescue for the Dead : (Record no. 604016)

MARC details
000 -LEADER
fixed length control field 00480nam a2200193 a 4500
008 - FIXED-LENGTH DATA ELEMENTS--GENERAL INFORMATION
fixed length control field 251218s2001##################000#0#eng##
020 ## - INTERNATIONAL STANDARD BOOK NUMBER
ISBN 9780195140996
082 04 - DEWEY DECIMAL CLASSIFICATION NUMBER
Classification number 234.09015
Item number TRU
100 1# - MAIN ENTRY--AUTHOR NAME
Personal name Trumbower, Jeffrey A.,
245 10 - TITLE STATEMENT
Title Rescue for the Dead :
260 ## - PUBLICATION, DISTRIBUTION, ETC. (IMPRINT)
Year of publication 2001.
300 ## - PHYSICAL DESCRIPTION
Number of Pages 223 pages
650 #0 - SUBJECT ADDED ENTRY--TOPICAL TERM
Topical Term Religion.
942 ## - ADDED ENTRY ELEMENTS (KOHA)
Koha item type English Books
Holdings
Withdrawn status Lost status Damaged status Not for loan Home library Current library Shelving location Date acquired Full call number Accession Number Price effective from Koha item type
        Anna Centenary Library Anna Centenary Library 3RD FLOOR, B WING 22.12.2025 234.09015 TRU 290236 22.12.2025 English Books

Find us on the map